| 000 | 01058nam a22003017a 4500 | ||
|---|---|---|---|
| 001 | 5563 | ||
| 003 | FISKH | ||
| 005 | 20260323125009.0 | ||
| 008 | 241217b cb ||||| |||| 00| 0 eng d | ||
| 020 | _a9780590480352 | ||
| 040 |
_aFISKH _beng _cFISKH _dFISKH |
||
| 050 | _aPS153.N5 | ||
| 082 | _a810.9896073 | ||
| 100 | _aJones, Lynda | ||
| 245 |
_aFive famous writers : _bGreat black heroes / _cby Lynda Jone ; illustrated by Ron Garnett |
||
| 250 | _aFirst printing , January 2001 | ||
| 260 |
_aNew York : _bScholastic ; _c1994. |
||
| 300 |
_a48 pages : _bcolor illustrations ; _c24 cm . |
||
| 490 |
_aScholastic Reader _vLevel 4 |
||
| 505 | _aU | ||
| 520 | _aThis inspiring chapter biography depicts the lives of talented African American writers James Langston Hughes, Richard Wright, Gwendolyn Brooks, Virginia Hamilton, and Walter Dean Myers. | ||
| 521 | 8 |
_a820
_bLexile |
|
| 521 | 8 |
_aU
_bRaz-Plus |
|
| 650 |
_aearly reader _vNon-fiction |
||
| 700 |
_aGarnett, Ron _eillustrator |
||
| 942 |
_2ddc _cBK _n0 |
||
| 999 |
_c5563 _d5563 |
||